|
|
|
|
| LEADER |
00000naa a2200000uu 4500 |
| 001 |
vtls010925295 |
| 003 |
SK-MaSNL |
| 005 |
20260302130430.0 |
| 008 |
220808|1994 xo |||||||||||||||||slo| |
| 015 |
|
|
|a SNBRA
|
| 035 |
|
|
|a (urnnbn)urn:nbn:sk:snk:ar-a0d36o
|
| 035 |
|
|
|a (uuid)5e0e405d-e8a7-4bf2-a974-dc5054af04f8
|
| 035 |
|
|
|a urn:nbn:sk:snk-aatrw3
|
| 040 |
|
|
|a SNKBUCL
|b slo
|c SNKBUCL
|e AACR2
|
| 041 |
0 |
|
|a slo
|
| 044 |
|
|
|a xo
|c SK
|
| 245 |
0 |
0 |
|a THAILER, Samuel (Thaler, Tajler)
|b banský inžinier (13. 8. 1750 Banská Štiavnica, okr. Žiar nad Hronom - 4. 2. 1810 Širákov, okr. Veľký Krtíš)
|
| 655 |
|
7 |
|a biografické heslá
|2 SNKPH
|9 368942
|
| 773 |
0 |
|
|t Slovenský biografický slovník : (od roku 833 do roku 1990). VI. zväzok, T-Ž
|d Martin : Matica slovenská, 1994
|g S. 51-52
|z 807090111X viaz
|
| 954 |
|
|
|a odborná, vedecká literatúra pôvodná (slovenská)
|2 lita
|
| 958 |
|
|
|a BX
|
| 958 |
|
|
|a OND
|
| 958 |
|
|
|a chapter
|
| 958 |
|
|
|a article25
|
| 999 |
|
|
|c 1300021
|d 1301951
|